Հիմենեյի հարյուր և մեկ պրոբլեմ կամ ամուսնություն տարբեր առումներով / (Record no. 10568)
[ view plain ]
| 000 -LEADER | |
|---|---|
| fixed length control field | 00989nam a2200253 a 4500 |
| 001 - CONTROL NUMBER | |
| control field | 000025540 |
| 003 - CONTROL NUMBER IDENTIFIER | |
| control field | AM-YEHGA |
| 005 - DATE AND TIME OF LATEST TRANSACTION | |
| control field | 20250618070858.0 |
| 008 - FIXED-LENGTH DATA ELEMENTS--GENERAL INFORMATION | |
| fixed length control field | 030329s1978 ai |||||r|||||||||0|arm|d |
| 040 ## - CATALOGING SOURCE | |
| Original cataloging agency | AM-YeHGA |
| 041 1# - LANGUAGE CODE | |
| Language code of text/sound track or separate title | arm |
| 090 ## - LOCALLY ASSIGNED LC-TYPE CALL NUMBER (OCLC); LOCAL CALL NUMBER (RLIN) | |
| -- | 10643 |
| 100 1# - MAIN ENTRY--PERSONAL NAME | |
| Personal name | Բասկինա, Ադա |
| 245 10 - TITLE STATEMENT | |
| Title | Հիմենեյի հարյուր և մեկ պրոբլեմ կամ ամուսնություն տարբեր առումներով / |
| Statement of responsibility, etc. | Ա. Բասկինա ; Թարգմ.՝ Ա.Գ. Ադոյան ; Խմբ.՝ Վ.Մ. Արիստակեսյան. |
| 260 ## - PUBLICATION, DISTRIBUTION, ETC. | |
| Place of publication, distribution, etc. | Երևան : |
| Name of publisher, distributor, etc. | Հայաստան, |
| Date of publication, distribution, etc. | 1978. |
| 300 ## - PHYSICAL DESCRIPTION | |
| Extent | 176 էջ ; |
| Dimensions | 17 սմ. |
| 440 #0 - SERIES STATEMENT/ADDED ENTRY--TITLE | |
| Title | Մենակ ինքդ քեզ հետ |
| 650 14 - SUBJECT ADDED ENTRY--TOPICAL TERM | |
| Topical term or geographic name entry element | Փիլիսոփայություն |
| 650 14 - SUBJECT ADDED ENTRY--TOPICAL TERM | |
| Topical term or geographic name entry element | Կենցաղ և սովորույթներ |
| 9 (RLIN) | 190 |
| 653 0# - INDEX TERM--UNCONTROLLED | |
| Uncontrolled term | Ընտանիք |
| 700 1# - ADDED ENTRY--PERSONAL NAME | |
| Personal name | Ադոյան, Ադո Գրիգորի, |
| Dates associated with a name | 1905-1988 |
| Relator term | թարգմ. |
| Relationship | trl |
| 9 (RLIN) | 2497 |
| 700 1# - ADDED ENTRY--PERSONAL NAME | |
| Personal name | Արիստակեսյան, Վ.Մ. |
| Relator term | խմբ. |
| Relationship | edt |
| 942 ## - ADDED ENTRY ELEMENTS (KOHA) | |
| Source of classification or shelving scheme | Universal Decimal Classification |
| Koha item type | Գրքեր / Books |
| Withdrawn status | Lost status | Damaged status | Not for loan | Collection | Home library | Current library | Date acquired | Total checkouts | Full call number | Barcode | Date last seen | Cost, replacement price | Price effective from | Koha item type | Public note |
|---|---|---|---|---|---|---|---|---|---|---|---|---|---|---|---|
| General | Fundamental Scientific Library | Fundamental Scientific Library | 21/12/2016 | AI/15201 | FL0055560 | 21/12/2016 | 60.00 | 21/12/2016 | Գրքեր / Books | 30 Days Loan | |||||
| General | Fundamental Scientific Library | Fundamental Scientific Library | 21/12/2016 | AI/15282 | FL0055656 | 21/12/2016 | 20.00 | 21/12/2016 | Գրքեր / Books | 30 Days Loan | |||||
| General | Fundamental Scientific Library | Fundamental Scientific Library | 21/12/2016 | AI/15283 | FL0055657 | 21/12/2016 | 20.00 | 21/12/2016 | Գրքեր / Books | 30 Days Loan |
ՀՀ Գիտությունների ազգային ակադեմիայի հիմնարար գիտական գրադարան = Fundamental Scientific Library of NAS RA
All site content, except where otherwise noted, is licensed under a